|
|
|
|
| LEADER |
01226nam a22002171a 4500 |
| 020 |
|
|
|a 9788120803848
|
| 082 |
|
|
|a 181.430 7
|b DAN/M
|
| 100 |
|
|
|a Daniel Henry Holmes Ingalls
|9 116353
|
| 245 |
|
|
|a Materials for the Study of Navya Nyaya logic/
|c by Daniel Henry Holmes Ingalls
|
| 260 |
|
|
|a New Delhi:
|b Motilal Banarsidass,
|c 1988.
|
| 300 |
|
|
|a 181p.
|
| 650 |
|
|
|a Navya Nyaya Logic
|9 116354
|
| 650 |
|
|
|a Logic India
|9 116355
|
| 650 |
|
|
|a Philosophy India
|9 116356
|
| 650 |
|
|
|a Philosophy
|9 116357
|
| 942 |
|
|
|c BK
|
| 999 |
|
|
|c 28171
|d 28171
|
| 952 |
|
|
|0 0
|1 0
|4 0
|6 181_430000000000000_7_DAN_M
|7 0
|9 40629
|a SSUS
|b SSUS
|c STACKS
|d 2015-01-08
|g 295.00
|l 5
|o 181.430 7 DAN/M
|p 021003
|r 2020-05-18
|s 2020-01-23
|v 0.00
|w 2015-01-08
|y BK
|
| 952 |
|
|
|0 0
|1 0
|4 0
|6 181_430000000000000_7_DAN_M
|7 0
|9 40630
|a SSUS
|b SSUS
|c STACKS
|d 2015-01-08
|g 295.00
|l 2
|o 181.430 7 DAN/M
|p 021004
|r 2018-03-16
|s 2018-03-01
|v 0.00
|w 2015-01-08
|y BK
|
| 952 |
|
|
|0 0
|1 0
|4 0
|6 181_430000000000000_7_DAN_M
|7 0
|9 40631
|a SSUS
|b SSUS
|c STACKS
|d 2015-01-08
|g 295.00
|l 5
|o 181.430 7 DAN/M
|p 021005
|r 2019-01-28
|s 2019-01-16
|v 0.00
|w 2015-01-08
|y BK
|
| 952 |
|
|
|0 0
|1 0
|4 0
|6 181_430000000000000_7_DAN_M
|7 0
|9 40632
|a SSUS
|b SSUS
|c STACKS
|d 2015-01-08
|g 295.00
|l 2
|o 181.430 7 DAN/M
|p 021006
|r 2019-02-20
|s 2019-01-15
|v 0.00
|w 2015-01-08
|y BK
|